000 02055nam a2200397 c 4500
003 BLK
005 20180422101855.0
008 180408b bul|||||r ||||||| ||bul||
010 _aKNG00059085000
020 _a954-684-124-2
_bиздат.: Регион. ист. музей
040 _aBLK
041 _aBUL
_cBUL
080 _aПолитически партии и движения
_b329
_x(497.2)БЗНС(091)(092)(063)
_z329(497.2)БЗНС(091)(092)(063)
080 _aБиографии
_b929
_x(497.2)
_z929(497.2)
700 1 _aКуманов, Милен
_eсъстав. и ред.
_9363343
700 1 _aКацарова, Румяна
_eсъстав. и ред.
_9286004
139 _aЗемеделското движение в България
_bЗ 54
245 1 0 _aЗемеделското движение в България
_bИстория, развитие, личности : Нац. науч. конф., Пазарджик, 22-23 апр. 2004 г. : Докл. и съобщения
_cсъстав. и ред. Милен Куманов; състав. и ред. Румяна Кацарова.
257 _aBGR
260 Пазарджик
_bРегион. ист. музей
_c2004
_fПазарджик : Беллопринт
300 _a432 с.
_c24 см
380 _a3
500 _aИзд. на БАН. Инст. по история. М-во на културата. Нац. център за музеи, галерии и изобразителни изкуства, Община Пазарджик. Регионален ист. музей. - Съдържа и Списък на авторите в сборника
650 4 _aБЗНС - история
_9245934
650 4 _aБЗНС - дейци
_9246995
653 _aземеделски партии
653 _aБЗНС
653 _aземеделци
653 _aбиографии
653 _aконференции
852 _aЦб 226960
856 4 _qpdf
_u
856 4 _qpdf
_u
942 _cKNG
_n0
944 _aCR
_c28.03.2006
_kВаля_Йорданова
944 _aED
_c28.03.2006
_k
999 _c55120
_d55120